[Event "CRO-chT2 Center"]
[Site "Zagreb"]
[Date "2012.10.21"]
[Round "10.55"]
[White "Buric, Zdenko"]
[Black "Babic, Zvonko"]
[Result "0-1"]
[WhiteElo "2174"]
[BlackElo "2173"]
[PlyCount "114"]
[EventDate "2012.03.18"]
[EventType "team-swiss"]
[EventRounds "11"]
[EventCountry "CRO"]
[SourceTitle "EXT 2019"]
[Source "ChessBase"]
[SourceDate "2018.10.10"]
[SourceVersion "1"]
[SourceVersionDate "2018.10.10"]
[SourceQuality "1"]

1. d4 d5 2. Nf3 Nf6 3. e3 e6 4. Bd3 c5 5. c3 Nc6 6. Nbd2 Bd6 7. 0-0 0-0 8. e4 cxd4 9. cxd4 e5 10. exd5 Nxd4 11. Nxd4 exd4 12. Nf3 Bg4 13. h3 Bxf3 14. Qxf3 Qe7 15. Bg5 Qe5 16. Qg3 Qxg3 17. fxg3 Nxd5 18. Be4 Ne3 19. Rf3 Rae8 20. Bd3 Rc8 21. Bxe3 dxe3 22. Kf1 Bc5 23. Ke2 g6 24. Rd1 Rcd8 25. Rff1 Kg7 26. Bc4 f5 27. Be6 Kf6 28. Bd5 Rd7 29. Bf3 Bd4 30. g4 Ke5 31. gxf5 gxf5 32. Rd3 Rc8 33. Rb1 Rc2+ 34. Kd1 f4 35. Rb3 b6 36. Rb5+ Rc5 37. Rxc5+ bxc5 38. b3 Bc3+ 39. Kc2 Bd2 40. Bg4 Rd6 41. Rd1 Kd4 42. Rf1 Ke5 43. Bf3 Ra6 44. a4 Rb6 45. Rb1 c4 46. Bh5 Rxb3 47. Rxb3 cxb3+ 48. Kd3 b2 49. Kc2 Bc3 50. Bg4 a5 51. Bf3 Kd4 52. Be2 Kc5 53. Bd3 Kb4 54. Bb5 Ka3 55. Kb1 Kb3 56. h4 h6 57. h5 Be5 0-1

[Event "CRO-chT2 Center"]
[Site "Zagreb"]
[Date "2012.10.14"]
[Round "7.45"]
[White "Babic, Zvonko"]
[Black "Ilincic, Pavle"]
[Result "1-0"]
[WhiteElo "2173"]
[BlackElo "2169"]
[PlyCount "97"]
[EventDate "2012.03.18"]
[EventType "team-swiss"]
[EventRounds "11"]
[EventCountry "CRO"]
[SourceTitle "EXT 2019"]
[Source "ChessBase"]
[SourceDate "2018.10.10"]
[SourceVersion "1"]
[SourceVersionDate "2018.10.10"]
[SourceQuality "1"]

1. e4 d5 2. exd5 Qxd5 3. Nc3 Qa5 4. Bc4 Nf6 5. d3 c6 6. Bd2 Qe5+ 7. Nge2 Bg4 8. f3 Bh5 9. g4 Bg6 10. Bf4 Qa5 11. Qd2 e6 12. 0-0-0 Nbd7 13. Kb1 0-0-0 14. Nb5 Qb6 15. Bc7 Qc5 16. Bxd8 Kxd8 17. Nbc3 Nd5 18. Bxd5 cxd5 19. Nf4 d4 20. Ne4 Qb6 21. c3 Ne5 22. Rhf1 Nc6 23. h4 dxc3 24. Qxc3 Kc8 25. h5 Bxe4 26. dxe4 Bc5 27. Ne2 Rg8 28. Nc1 Bd4 29. Qb3 Qc7 30. Ne2 Bc5 31. Rc1 Bb6 32. Rfd1 Kb8 33. Qc4 Qe7 34. Rc3 Rc8 35. Qd3 Rd8 36. Qc2 Rc8 37. Nd4 Qe8 38. Nxc6+ bxc6 39. Rcd3 Rd8 40. Rxd8+ Bxd8 41. Qd3 Kc8 42. Qd4 Bb6 43. Qxg7 e5 44. Qxh7 Bd4 45. f4 Qe7 46. fxe5 Bxb2 47. Qf5+ Kb8 48. Qd7 Qb4 49. Qd6+ 1-0